000 00658nam a2200241Ia 4500
003 OSt
005 20220924132855.0
006 a|||||r|||| 00| 0
007 ta
008 220923b |||||||| |||| 00| 0 urd d
024 _a252855
037 _cTextual
040 _aARTS
_cARTS
_burd
041 _2urd
_aurd
082 _aO168,1(P:75), M2
100 _aTabaTabai Ali Haider
_9205239
245 0 _aTalkhish urooz wa kafia az Ali Haider nazm
260 _c1982
650 _aURDU POETRY
700 _a Ashraf Rafie
_9205240
942 _hO168,1(P:75), M2
_cTEXL
_2CC
999 _c431904
_d431904